[Event "Online Olym Top DivC 2020"]
[Site "chess.com INT"]
[Date "2020.08.23"]
[Round "8.5"]
[Board "3"]
[White "Goryachkina, Aleksandra"]
[Black "Danielian, Elina"]
[Result "1/2-1/2"]
[WhiteTitle "GM"]
[BlackTitle "GM"]
[WhiteElo "2582"]
[BlackElo "2407"]
[WhiteTeam "Russia"]
[BlackTeam "Armenia"]
[WhiteFideId "4147103"]
[BlackFideId "13300210"]
[EventDate "2020.08.21"]
[EventType "team"]

1. d4 Nf6 2. Bf4 c5 3. dxc5 Qa5+ 4. Nc3 Qxc5 5. Nf3 d6 6. Qd2 Bg4 7. h3 Bxf3 8.
exf3 a6 9. Bd3 e6 10. O-O Be7 11. Be3 Qc7 12. f4 g6 13. Na4 Nbd7 14. c4 O-O 15.
Rac1 Rfd8 16. Rfd1 Bf8 17. b3 Rac8 18. Qe2 Bg7 19. Rc2 Re8 20. Qd2 Red8 21. Qe1
Nc5 22. Nxc5 dxc5 23. Rcd2 Rd7 24. Bc2 Rcd8 25. Rxd7 Rxd7 26. Rxd7 Nxd7 27. Qd2
b6 28. Be4 h5 29. g3 Bf6 30. Kg2 Kg7 31. Bf3 Nb8 32. Qd1 Nc6 33. Bxc6 Qxc6+ 34.
Qf3 Qxf3+ 35. Kxf3 Bc3 36. Ke4 Kf6 37. Kd3 Be1 38. Ke2 Bc3 39. Kd3 Be1 40. Ke2
Bc3 41. Kd3 1/2-1/2

[Event "Online Olym Top DivC 2020"]
[Site "chess.com INT"]
[Date "2020.08.23"]
[Round "8.5"]
[Board "4"]
[White "Mkrtchian, Lilit"]
[Black "Gunina, Valentina"]
[Result "1/2-1/2"]
[WhiteTitle "IM"]
[BlackTitle "GM"]
[WhiteElo "2388"]
[BlackElo "2431"]
[WhiteTeam "Armenia"]
[BlackTeam "Russia"]
[WhiteFideId "13300601"]
[BlackFideId "4167570"]
[EventDate "2020.08.21"]
[EventType "team"]

1. c4 c6 2. d4 d5 3. Nf3 Nf6 4. e3 Bf5 5. Nc3 e6 6. Nh4 Bg4 7. Qb3 Qc7 8. h3 Bh5
9. g4 Bg6 10. Nxg6 hxg6 11. g5 Nfd7 12. Bd2 Be7 13. e4 dxc4 14. Bxc4 a5 15. a3
b5 16. Be2 Na6 17. h4 b4 18. Na4 Qb7 19. Rh3 Nc7 20. Qc4 Nb5 21. Rc1 Qa7 22. Be3
bxa3 23. Qxc6 Nd6 24. d5 Qb8 25. dxe6 fxe6 26. bxa3 Qc8 27. Qxc8+ Nxc8 28. Bb5
Bxa3 29. Rd1 Nd6 30. Bxd7+ Ke7 31. e5 Bb4+ 32. Kf1 Nf5 33. Bc5+ Bxc5 34. Nxc5
Rad8 35. Rhd3 Rxh4 36. Bxe6 Rh1+ 37. Ke2 Rxd1 38. Rxd1 Nd4+ 39. Ke3 Nc2+ 40. Ke2
Nd4+ 41. Ke1 Nc2+ 42. Ke2 Nd4+ 1/2-1/2

[Event "Online Olym Top DivC 2020"]
[Site "chess.com INT"]
[Date "2020.08.23"]
[Round "8.5"]
[Board "5"]
[White "Sarana, Alexey"]
[Black "Martirosyan, Haik M."]
[Result "1-0"]
[WhiteTitle "GM"]
[BlackTitle "GM"]
[WhiteElo "2654"]
[BlackElo "2622"]
[WhiteTeam "Russia"]
[BlackTeam "Armenia"]
[WhiteFideId "24133795"]
[BlackFideId "13306553"]
[EventDate "2020.08.21"]
[EventType "team"]

1. d4 Nf6 2. c4 e6 3. Nf3 d5 4. Nc3 Be7 5. g3 O-O 6. Bg2 dxc4 7. Ne5 Nbd7 8.
Nxc4 Nb6 9. Ne5 c5 10. dxc5 Qxd1+ 11. Nxd1 Bxc5 12. Nd3 Be7 13. Nc3 Nbd5 14. Bd2
Rd8 15. Rc1 b6 16. Nxd5 Nxd5 17. Ne5 Bb7 18. Nc6 Bxc6 19. Rxc6 Bf6 20. b3 Rac8
21. Rxc8 Rxc8 22. Bxd5 exd5 23. O-O Bb2 24. Rd1 d4 25. e3 d3 26. Kf1 f5 27. Bb4
Rd8 28. Rb1 a5 29. Rxb2 axb4 30. Ke1 Kf7 31. Kd2 Ke6 32. Rb1 Ke5 33. f3 g5 34.
Rc1 Ra8 35. Kxd3 Rxa2 36. Rc4 Rxh2 37. Rxb4 Rh3 38. f4+ Kd5 39. Rb5+ Ke6 40.
Rxb6+ Ke7 41. Rb7+ Ke6 42. Rb6+ Ke7 43. Kd4 g4 44. Ke5 Rxg3 45. Kxf5 Rxe3 46.
Kxg4 Rd3 47. b4 Kf7 48. b5 Rd5 49. Rb7+ Kg6 50. f5+ Kf6 51. Rb6+ Kf7 52. Kg5 h6+
53. Kf4 h5 54. Kg5 h4 55. Rb7+ Ke8 56. Kg6 Rd2 57. b6 h3 58. Rh7 h2 59. b7 Rg2+
60. Kf6 Rb2 61. Rxh2 Rb6+ 62. Kg5 Kf7 63. Rh7+ 1-0

[Event "Online Olym Top DivC 2020"]
[Site "chess.com INT"]
[Date "2020.08.23"]
[Round "8.5"]
[Board "6"]
[White "Sargsyan, Anna M."]
[Black "Shuvalova, Polina"]
[Result "1/2-1/2"]
[WhiteTitle "WGM"]
[BlackTitle "WGM"]
[WhiteElo "2402"]
[BlackElo "2454"]
[WhiteTeam "Armenia"]
[BlackTeam "Russia"]
[WhiteFideId "13308130"]
[BlackFideId "24171760"]
[EventDate "2020.08.21"]
[EventType "team"]

1. d4 d5 2. c4 e6 3. Nc3 c5 4. Nf3 Nf6 5. cxd5 exd5 6. g3 Nc6 7. Bg2 cxd4 8.
Nxd4 Bc5 9. Nxc6 bxc6 10. O-O O-O 11. Qc2 Bb6 12. b3 Re8 13. Bb2 Ba6 14. Bf3 Rc8
15. Na4 Ne4 16. Rad1 Qg5 17. Nxb6 axb6 18. Rfe1 h5 19. h4 Qf5 20. Kg2 Re6 21.
Rc1 c5 22. b4 Rce8 23. bxc5 bxc5 24. e3 Bb7 25. Bxe4 Rxe4 26. Qxc5 Rxe3 27. Rxe3
Rxe3 28. Qd4 Qe4+ 29. Qxe4 Rxe4 30. Rc7 Rb4 31. Bc3 d4+ 32. Rxb7 Rxb7 33. Bxd4
Rb4 34. Bc5 Rc4 35. Bd6 Rc2 36. a3 Kh7 37. Bb4 Kg6 38. Bf8 Kf6 39. Kf3 g6 40.
Bb4 Kf5 41. Kg2 Ke4 42. Be7 Ra2 43. Bb4 Rb2 44. Bf8 Rb3 45. Bc5 Kd5 46. Bf8 Kd4
47. Bd6 Kd3 48. a4 Ke2 49. Bc5 Rc3 50. Bb6 Ra3 51. a5 Ke1 52. Kg1 Ra2 53. Kg2
Ke2 54. Bc7 Ra1 55. Bb6 Ra4 56. Bc7 Ra3 57. Bb6 Ke1 58. Kg1 Ra2 59. Kg2 Ke2 60.
Bc7 Kd3 61. Kf3 Kd4 62. Bb6+ Kd5 63. Kg2 Ke4 64. Bc7 f6 65. Bd8 Kf5 66. Bb6 g5
67. hxg5 fxg5 68. Bd8 Kg4 69. Bb6 Ra3 70. Bc7 Ra2 71. Bb6 h4 72. gxh4 gxh4 73.
Kh2 Ra4 74. Kg2 Ra1 75. Kh2 Kf3 76. Bd8 Kg4 77. Bb6 Ra2 78. Kg2 Ra3 79. Kh2 Ra1
80. Kg2 h3+ 81. Kh2 Kf3 82. Bc7 Kg4 83. Bb6 Ra2 84. Kg1 Kf3 85. Kh2 Ra1 86. Bc7
Kg4 87. Bb6 1/2-1/2

[Event "Online Olym Top DivC 2020"]
[Site "chess.com INT"]
[Date "2020.08.23"]
[Round "9.1"]
[Board "1"]
[White "Aronian, Levon"]
[Black "Amin, Bassem"]
[Result "1-0"]
[WhiteTitle "GM"]
[BlackTitle "GM"]
[WhiteElo "2773"]
[BlackElo "2686"]
[WhiteTeam "Armenia"]
[BlackTeam "Egypt"]
[WhiteFideId "13300474"]
[BlackFideId "10601457"]
[EventDate "2020.08.21"]
[EventType "team"]

1. e4 e5 2. Nf3 Nc6 3. Bc4 Nf6 4. d3 h6 5. O-O d6 6. Nc3 Na5 7. Bb3 Nxb3 8. axb3
c5 9. Nd2 Be6 10. Nc4 Be7 11. f4 exf4 12. Bxf4 d5 13. exd5 Nxd5 14. Nxd5 Bxd5
15. Qg4 Bxc4 16. dxc4 Qd4+ 17. Rf2 h5 18. Qe2 Qd7 19. Re1 Kf8 20. Qf3 Rc8 21.
Rd2 Qc6 22. Qxc6 Rxc6 23. Rd7 Bf6 24. Rxb7 g5 25. Be5 1-0

[Event "Online Olym Top DivC 2020"]
[Site "chess.com INT"]
[Date "2020.08.23"]
[Round "9.1"]
[Board "2"]
[White "Adly, Ahmed"]
[Black "Ter-Sahakyan, Samvel"]
[Result "1-0"]
[WhiteTitle "GM"]
[BlackTitle "GM"]
[WhiteElo "2615"]
[BlackElo "2640"]
[WhiteTeam "Egypt"]
[BlackTeam "Armenia"]
[WhiteFideId "10601619"]
[BlackFideId "13302531"]
[EventDate "2020.08.21"]
[EventType "team"]

1. Nf3 d5 2. g3 Nc6 3. d4 Bf5 4. Bg2 e6 5. O-O Nb4 6. Na3 Nc6 7. c4 Bxa3 8. bxa3
Nge7 9. Nh4 Be4 10. f3 Bg6 11. Nxg6 hxg6 12. Rb1 dxc4 13. e3 Rb8 14. f4 b5 15.
Qc2 O-O 16. a4 a6 17. axb5 axb5 18. a4 b4 19. Qxc4 Qd6 20. Bd2 Na5 21. Qc2 Nd5
22. Rfc1 Rfc8 23. e4 Ne7 24. Qc5 Nac6 25. d5 exd5 26. exd5 Rd8 27. Be1 Qxc5+ 28.
Rxc5 Nd4 29. Rxb4 Rxb4 30. Bxb4 Rb8 31. Rc4 Nef5 32. g4 Ne3 33. Rxd4 Nc2 34. Rc4
Nxb4 35. Rxc7 Nd3 36. d6 Kf8 37. Bb7 Nxf4 38. a5 Ne6 39. a6 1-0

[Event "Online Olym Top DivC 2020"]
[Site "chess.com INT"]
[Date "2020.08.23"]
[Round "9.1"]
[Board "3"]
[White "Danielian, Elina"]
[Black "Wafa, Shrook"]
[Result "1-0"]
[WhiteTitle "GM"]
[BlackTitle "WGM"]
[WhiteElo "2407"]
[BlackElo "2182"]
[WhiteTeam "Armenia"]
[BlackTeam "Egypt"]
[WhiteFideId "13300210"]
[BlackFideId "10609970"]
[EventDate "2020.08.21"]
[EventType "team"]

1. d4 Nf6 2. c4 e6 3. Nc3 Bb4 4. Bg5 O-O 5. e3 h6 6. Bh4 Bxc3+ 7. bxc3 d6 8. Bd3
Nbd7 9. Ne2 e5 10. f3 Re8 11. e4 b6 12. O-O a5 13. Qd2 Nf8 14. Bf2 Qe7 15. Rae1
Ba6 16. Ng3 Bc8 17. Kh1 Ng6 18. Nf5 Qf8 19. Bc2 Bd7 20. Ne3 Nf4 21. Rd1 Rad8 22.
Rfe1 Ne6 23. Qc1 Ng5 24. Bh4 Nh5 25. Nd5 Nf4 26. Nxf4 exf4 27. Qxf4 Ne6 28. Qc1
Rb8 29. f4 Nd8 30. e5 dxe5 31. fxe5 Bg4 32. Rd2 g5 33. Bg3 Qg7 34. Rf2 Ne6 35.
Ref1 Rf8 36. h3 Bh5 37. Qe3 Rbe8 38. Rf6 c5 39. d5 Nc7 40. Qf2 Bg6 41. Bxg6 fxg6
42. e6 Nxe6 43. dxe6 Rxf6 44. Qxf6 Qxf6 45. Rxf6 Kg7 46. Be5 Rd8 47. Rf7+ 1-0

[Event "Online Olym Top DivC 2020"]
[Site "chess.com INT"]
[Date "2020.08.23"]
[Round "9.1"]
[Board "4"]
[White "Wafa, Shahenda"]
[Black "Mkrtchian, Lilit"]
[Result "0-1"]
[WhiteTitle "WGM"]
[BlackTitle "IM"]
[WhiteElo "2140"]
[BlackElo "2388"]
[WhiteTeam "Egypt"]
[BlackTeam "Armenia"]
[WhiteFideId "10609962"]
[BlackFideId "13300601"]
[EventDate "2020.08.21"]
[EventType "team"]

1. e4 e6 2. d4 d5 3. Nc3 Nf6 4. Bg5 Be7 5. Bxf6 Bxf6 6. Nf3 O-O 7. Bd3 c5 8. e5
Be7 9. dxc5 Bxc5 10. Qe2 Nc6 11. h4 f6 12. exf6 Qxf6 13. O-O-O Bb4 14. Nb5 a6
15. Nc7 Qf4+ 16. Kb1 Qxc7 17. Ng5 h6 18. Nxe6 Bxe6 19. Qxe6+ Qf7 20. Qxd5 Qxd5 0-1

[Event "Online Olym Top DivC 2020"]
[Site "chess.com INT"]
[Date "2020.08.23"]
[Round "9.1"]
[Board "5"]
[White "Martirosyan, Haik M."]
[Black "Fawzy, Adham"]
[Result "1-0"]
[WhiteTitle "GM"]
[BlackTitle "GM"]
[WhiteElo "2622"]
[BlackElo "2467"]
[WhiteTeam "Armenia"]
[BlackTeam "Egypt"]
[WhiteFideId "13306553"]
[BlackFideId "10613129"]
[EventDate "2020.08.21"]
[EventType "team"]

1. d4 d5 2. c4 c6 3. Nf3 Nf6 4. Nc3 e6 5. Bg5 Nbd7 6. e3 Qa5 7. cxd5 Nxd5 8. Rc1
Nxc3 9. bxc3 Ba3 10. Rc2 b6 11. Bd3 Ba6 12. O-O Bxd3 13. Qxd3 O-O 14. e4 e5 15.
Rd1 Rfe8 16. Bh4 Bf8 17. Bg3 Rad8 18. dxe5 Nc5 19. Qxd8 Rxd8 20. Rxd8 Ne6 21.
Rdd2 c5 22. h4 h6 23. Nh2 c4 24. Nf3 Qa4 25. Nd4 Nc5 26. f3 b5 27. Kh2 a5 28.
Nf5 Nd3 29. Nd6 g5 30. Nf5 gxh4 31. Bxh4 Nxe5 32. Bf6 Nd3 33. e5 Kh7 34. f4 Ba3
35. g3 Ne1 36. Kh3 Nxc2 37. Rd8 h5 38. Rh8+ Kg6 39. Nh4# 1-0

[Event "Online Olym Top DivC 2020"]
[Site "chess.com INT"]
[Date "2020.08.23"]
[Round "9.1"]
[Board "6"]
[White "Adel, Sara"]
[Black "Sargsyan, Anna M."]
[Result "0-1"]
[WhiteTitle "WFM"]
[BlackTitle "WGM"]
[WhiteElo "1741"]
[BlackElo "2402"]
[WhiteTeam "Egypt"]
[BlackTeam "Armenia"]
[WhiteFideId "10616764"]
[BlackFideId "13308130"]
[EventDate "2020.08.21"]
[EventType "team"]

1. e4 c6 2. d4 d5 3. exd5 cxd5 4. Bd3 Nc6 5. c3 Nf6 6. h3 g6 7. Nf3 Bg7 8. O-O
O-O 9. Bf4 a6 10. Re1 b5 11. a3 Bb7 12. Nbd2 Na5 13. Qe2 Re8 14. Ne5 Nc4 15.
Bxc4 dxc4 16. Rad1 a5 17. Nf1 Rc8 18. Ng3 b4 19. axb4 axb4 20. h4 e6 21. h5 Nd5
22. hxg6 hxg6 23. Qg4 bxc3 24. bxc3 Nxc3 25. Ra1 Qd5 26. f3 Qxd4+ 27. Kh2 Nd5
28. Re4 Qxa1 29. Qh4 Nxf4 30. Qxf4 Bxe4 31. Qf6 Bxf6 0-1

[Event "Online Olym Top DivC 2020"]
[Site "chess.com INT"]
[Date "2020.08.23"]
[Round "9.2"]
[Board "1"]
[White "Lupulescu, Constantin"]
[Black "Grischuk, Alexander"]
[Result "1/2-1/2"]
[WhiteTitle "GM"]
[BlackTitle "GM"]
[WhiteElo "2656"]
[BlackElo "2777"]
[WhiteTeam "Romania"]
[BlackTeam "Russia"]
[WhiteFideId "1207822"]
[BlackFideId "4126025"]
[EventDate "2020.08.21"]
[EventType "team"]

1. d4 Nf6 2. c4 e6 3. Nc3 Bb4 4. e3 O-O 5. Nf3 c5 6. Bd3 d5 7. cxd5 exd5 8. dxc5
Bg4 9. O-O Nbd7 10. Be2 Bxc3 11. bxc3 Nxc5 12. c4 dxc4 13. Bxc4 Rc8 14. Qxd8
Rfxd8 15. Bb2 Bxf3 16. gxf3 Na4 17. Bxf6 gxf6 18. Rfc1 Rc5 19. Rc2 Rdc8 20. Rac1
b5 21. Bb3 Rxc2 22. Rxc2 Rxc2 23. Bxc2 Nc3 24. a3 a5 25. Kf1 Nd5 26. Ke2 a4 27.
Be4 Nb6 28. Bd3 b4 29. axb4 a3 30. Bb1 Nd5 31. b5 Nc3+ 32. Kd3 Nxb1 33. b6 a2
34. b7 a1=Q 35. b8=Q+ Kg7 36. Qg3+ Kf8 37. Qb8+ Kg7 38. Qg3+ Kf8 39. Qb8+ Kg7 1/2-1/2

[Event "Online Olym Top DivC 2020"]
[Site "chess.com INT"]
[Date "2020.08.23"]
[Round "9.2"]
[Board "2"]
[White "Artemiev, Vladislav"]
[Black "Parligras, Mircea-Emilian"]
[Result "1-0"]
[WhiteTitle "GM"]
[BlackTitle "GM"]
[WhiteElo "2716"]
[BlackElo "2591"]
[WhiteTeam "Russia"]
[BlackTeam "Romania"]
[WhiteFideId "24101605"]
[BlackFideId "1204297"]
[EventDate "2020.08.21"]
[EventType "team"]

1. c4 c5 2. Nf3 Nf6 3. Nc3 Nc6 4. d4 cxd4 5. Nxd4 e6 6. e4 Bb4 7. Nxc6 bxc6 8.
Bd3 e5 9. O-O O-O 10. h3 Bc5 11. Re1 d6 12. Be3 Bxe3 13. Rxe3 Be6 14. Be2 Qc7
15. Qd2 Rfd8 16. Rd1 Rd7 17. Rg3 Qd8 18. b3 Kh8 19. Rd3 Qa5 20. Qe3 Rad8 21. Bf3
h6 22. Kh2 Qc5 23. Qd2 Qa5 24. g3 Kh7 25. Bg2 Ne8 26. Qc2 Kh8 27. R1d2 Qb4 28.
Qd1 Kg8 29. f4 f6 30. Bf3 Nc7 31. Bg4 Bxg4 32. Qxg4 Re7 33. f5 Red7 34. Qe2 Na6
35. g4 Nc5 36. Rg3 a5 37. h4 a4 38. bxa4 Nxa4 39. Nxa4 Qxa4 40. g5 hxg5 41. hxg5
fxg5 42. Rxg5 Rf8 43. Qg4 Rf6 44. Rg2 Qa7 45. Qh4 Qe3 46. Rh5 Qf4+ 47. Qxf4 exf4
48. Kh3 Ra7 49. Kg4 Ra4 50. Rc2 Rf7 51. Kxf4 Rfa7 52. Rd2 Rxc4 53. Rxd6 Re7 54.
Re6 Rxe6 55. fxe6 Kf8 56. Ra5 g5+ 57. Ke5 Rc2 58. Ra8+ Ke7 59. Ra7+ Ke8 60. a4
g4 61. Rg7 Ra2 62. a5 c5 63. a6 Rxa6 64. Kf6 Kf8 65. Rc7 Ra8 66. Rxc5 Re8 67.
Rh5 Kg8 68. e7 Ra8 69. Rg5+ Kh7 70. Kf7 1-0

[Event "Online Olym Top DivC 2020"]
[Site "chess.com INT"]
[Date "2020.08.23"]
[Round "9.2"]
[Board "3"]
[White "Bulmaga, Irina"]
[Black "Goryachkina, Aleksandra"]
[Result "1/2-1/2"]
[WhiteTitle "IM"]
[BlackTitle "GM"]
[WhiteElo "2434"]
[BlackElo "2582"]
[WhiteTeam "Romania"]
[BlackTeam "Russia"]
[WhiteFideId "13903063"]
[BlackFideId "4147103"]
[EventDate "2020.08.21"]
[EventType "team"]

1. e4 e6 2. d4 d5 3. Nc3 Bb4 4. Ne2 dxe4 5. a3 Bxc3+ 6. Nxc3 Nc6 7. Bb5 Ne7 8.
Nxe4 O-O 9. c3 e5 10. Bxc6 Nxc6 11. d5 Ne7 12. c4 Bf5 13. Nc3 Qd7 14. O-O Rad8
15. Be3 b6 16. Qd2 c6 17. Rfd1 cxd5 18. cxd5 Nc8 19. Qe2 Nd6 20. a4 Bg4 21. f3
Bh5 22. Qd3 f5 23. Rf1 Bg6 24. f4 Ne4 25. fxe5 Nxc3 26. Qxc3 Qxd5 27. Bg5 Rc8
28. Qg3 Rfe8 29. Rfe1 Bh5 30. Bf6 Qf7 31. Bg5 Rc4 32. h4 Rg4 33. Qf2 Re4 34.
Rxe4 fxe4 35. Qg3 Qf5 36. Bf6 Qg6 37. Bg5 h6 38. Bf4 Qxg3 39. Bxg3 e3 40. Re1 e2
41. Kf2 Bg4 42. Ke3 Kf7 43. Rc1 Re7 44. Kf4 h5 45. Ke3 Ke6 46. Rc6+ Kd7 47. Rc1
Re6 48. Ke4 g6 49. Be1 Bf5+ 50. Kf4 Re8 51. Rc3 Rc8 52. Rxc8 Kxc8 53. Kf3 Bg4+
54. Ke4 Kd7 55. Kd5 Be6+ 56. Ke4 Kc6 57. a5 b5 58. g3 a6 59. b4 Bc4 60. Kd4 Be6
61. Bf2 Bg4 62. Be1 Bf5 1/2-1/2

[Event "Online Olym Top DivC 2020"]
[Site "chess.com INT"]
[Date "2020.08.23"]
[Round "9.2"]
[Board "5"]
[White "Deac, Bogdan-Daniel"]
[Black "Esipenko, Andrey"]
[Result "0-1"]
[WhiteTitle "GM"]
[BlackTitle "GM"]
[WhiteElo "2625"]
[BlackElo "2682"]
[WhiteTeam "Romania"]
[BlackTeam "Russia"]
[WhiteFideId "1226380"]
[BlackFideId "24175439"]
[EventDate "2020.08.21"]
[EventType "team"]

1. Nf3 Nf6 2. c4 e6 3. g3 d5 4. Bg2 dxc4 5. Qa4+ Nbd7 6. Qxc4 a6 7. Qb3 Rb8 8.
a4 b5 9. axb5 axb5 10. O-O Bb7 11. d3 Be7 12. Nc3 b4 13. Nd1 O-O 14. Ne3 c5 15.
Nc4 Ra8 16. Bf4 Nd5 17. Bd6 Bxd6 18. Nxd6 Bc6 19. Rfc1 Qe7 20. Nc4 N5f6 21. Qd1
h6 22. Na5 Bb5 23. Nd2 Nd5 24. Nac4 Rfd8 25. Rxa8 Rxa8 26. Ra1 Qf8 27. Qc1 Bc6
28. Na5 Bb5 29. Ndb3 Ra7 30. Nc4 Rxa1 31. Qxa1 Bxc4 32. dxc4 N5b6 33. Bc6 Qd6
34. Bxd7 Nxd7 35. Qa8+ Kh7 36. Qe4+ f5 37. Qc2 Ne5 38. f4 Ng4 39. Qd3 Qc6 40. h3
Nf6 41. Qe3 Ne4 42. Nd2 Nxd2 43. Qxd2 Qe4 44. Qd3 Qxd3 45. exd3 Kg6 46. d4 cxd4
47. c5 Kf6 48. Kf2 Ke7 49. Ke2 Kd7 50. Kd3 Kc6 51. Kxd4 Kb5 52. c6 Kxc6 53. Kc4
g5 54. Kxb4 Kd5 55. Kc3 gxf4 56. gxf4 Ke4 57. b4 Kxf4 58. Kd4 e5+ 59. Kd5 e4 60.
b5 e3 61. b6 e2 62. b7 e1=Q 63. b8=Q+ Kg5 64. Qg8+ Kh4 65. Qg6 Qe4+ 66. Kd6 h5
67. Kd7 Qe5 68. Qg2 Qd4+ 69. Kc7 f4 0-1

[Event "Online Olym Top DivC 2020"]
[Site "chess.com INT"]
[Date "2020.08.23"]
[Round "9.2"]
[Board "6"]
[White "Shuvalova, Polina"]
[Black "Lehaci, Miruna-Daria"]
[Result "1-0"]
[WhiteTitle "WGM"]
[BlackTitle "WFM"]
[WhiteElo "2454"]
[BlackElo "2223"]
[WhiteTeam "Russia"]
[BlackTeam "Romania"]
[WhiteFideId "24171760"]
[BlackFideId "1234765"]
[EventDate "2020.08.21"]
[EventType "team"]

1. e4 e6 2. d4 d5 3. Nc3 Bb4 4. e5 c5 5. a3 Bxc3+ 6. bxc3 Qa5 7. Bd2 Qa4 8. Qg4
Kf8 9. Nf3 b6 10. Bd3 c4 11. Be2 Ne7 12. Bd1 h6 13. h4 Bd7 14. h5 Nbc6 15. Qf4
Na5 16. Nh4 Kg8 17. Rh3 Rf8 18. Rg3 Rh7 19. Rg4 Nf5 20. Nxf5 exf5 21. Rg3 Qc6
22. Bf3 Qe6 23. Kf1 Ba4 24. Bd1 Nc6 25. Qh4 Rh8 26. Kg1 Kh7 27. Qf4 Ne7 28. Rh3
Rc8 29. Kh1 Rc7 30. Rc1 Bd7 31. Bf3 Rb8 32. Rg1 Qc6 33. Qh4 Re8 34. Bf4 Rcc8 35.
g4 fxg4 36. Bxg4 Nf5 37. Bxf5+ Bxf5 38. Rhg3 Rg8 39. f3 Qd7 40. R1g2 Rce8 41.
Qh2 Re6 42. Qg1 f6 43. exf6 Rxf6 44. Be5 Rf7 45. Qh2 g5 46. hxg6+ Rxg6 47. Rxg6
Bxg6 48. Bf4 1-0

[Event "Online Olym Top DivC 2020"]
[Site "chess.com INT"]
[Date "2020.08.23"]
[Round "9.3"]
[Board "1"]
[White "Delchev, Aleksander"]
[Black "McShane, Luke J"]
[Result "1-0"]
[WhiteTitle "GM"]
[BlackTitle "GM"]
[WhiteElo "2550"]
[BlackElo "2680"]
[WhiteTeam "Bulgaria"]
[BlackTeam "England"]
[WhiteFideId "2900394"]
[BlackFideId "404853"]
[EventDate "2020.08.21"]
[EventType "team"]

1. e4 e5 2. Nf3 Nc6 3. Nc3 Nf6 4. Bb5 Bd6 5. O-O O-O 6. d3 Re8 7. a3 h6 8. Be3
Bf8 9. Bc4 d6 10. h3 Be6 11. Bxe6 Rxe6 12. Nd5 Nb8 13. Nxf6+ Qxf6 14. Nh2 Nd7
15. Ng4 Qg6 16. f4 exf4 17. Bxf4 c6 18. Rf3 Kh8 19. Ne3 Rae8 20. Qf1 f6 21. c4
a6 22. b4 b5 23. cxb5 axb5 24. Rc1 Ne5 25. Rg3 Qf7 26. Nf5 c5 27. Kh1 Qa7 28.
Nh4 c4 29. Bxe5 dxe5 30. dxc4 bxc4 31. Qxc4 Rd6 32. Ng6+ Kh7 33. Nxf8+ Rxf8 34.
Kh2 Rf7 35. Qf1 Rd8 36. Qf5+ Kh8 37. Rgc3 Rfd7 38. Rc8 Qb7 39. Rxd8+ Rxd8 40.
Rc5 Qa8 41. b5 Qxa3 42. Rc8 Qf8 43. Rxd8 Qxd8 44. Qe6 Qd2 45. Qc8+ Kh7 46. Qf5+
Kh8 47. b6 Qb4 48. Qc8+ Kh7 49. b7 Qxe4 50. b8=Q Qf4+ 51. Kg1 Qd4+ 52. Kh1 Qf4
53. Qc2+ 1-0

[Event "Online Olym Top DivC 2020"]
[Site "chess.com INT"]
[Date "2020.08.23"]
[Round "9.3"]
[Board "2"]
[White "Jones, Gawain C B"]
[Black "Enchev, Ivajlo"]
[Result "1-0"]
[WhiteTitle "GM"]
[BlackTitle "GM"]
[WhiteElo "2670"]
[BlackElo "2491"]
[WhiteTeam "England"]
[BlackTeam "Bulgaria"]
[WhiteFideId "409561"]
[BlackFideId "2907712"]
[EventDate "2020.08.21"]
[EventType "team"]

1. c4 e6 2. g3 d5 3. Bg2 dxc4 4. Qa4+ Nd7 5. Qxc4 a6 6. Qc2 Ngf6 7. Nf3 c5 8.
O-O b6 9. Nc3 Bb7 10. Rd1 Be7 11. d4 cxd4 12. Rxd4 Rc8 13. Qd1 Bc5 14. Rd3 b5
15. Bf4 Qb6 16. e3 O-O 17. a4 Bb4 18. axb5 Bxc3 19. bxc3 Nc5 20. bxa6 Bxa6 21.
Rd6 Rc6 22. Rb1 Qc7 23. Ng5 Rxd6 24. Bxd6 Qc8 25. Qd4 Ncd7 26. Bxf8 Nxf8 27. Qa7
N6d7 28. Qa8 Qc4 29. Bf1 Qa2 30. Rd1 Qc2 31. Rxd7 Bxf1 32. Rxf7 1-0

[Event "Online Olym Top DivC 2020"]
[Site "chess.com INT"]
[Date "2020.08.23"]
[Round "9.3"]
[Board "3"]
[White "Stefanova, Antoaneta"]
[Black "Houska, Jovanka"]
[Result "1-0"]
[WhiteTitle "GM"]
[BlackTitle "IM"]
[WhiteElo "2462"]
[BlackElo "2381"]
[WhiteTeam "Bulgaria"]
[BlackTeam "England"]
[WhiteFideId "2902257"]
[BlackFideId "405094"]
[EventDate "2020.08.21"]
[EventType "team"]

1. Nf3 d5 2. g3 Nf6 3. Bg2 c6 4. O-O Bf5 5. d3 e6 6. Nh4 Bg4 7. h3 Bh5 8. Qe1
Be7 9. f4 Nfd7 10. Nf3 Qb6+ 11. Kh2 Bxf3 12. Bxf3 e5 13. f5 Nf6 14. c4 e4 15.
dxe4 dxe4 16. Bg2 Nbd7 17. Nc3 Ne5 18. Nxe4 Nxe4 19. Bxe4 Nxc4 20. Qc3 Nd6 21.
Qxg7 O-O-O 22. Bg2 Rhg8 23. Qe5 Rde8 24. f6 Bd8 25. Qxd6 Bc7 26. Qd3 Rxg3 27.
Qf5+ Kb8 28. Bf4 Rxg2+ 29. Kxg2 Rxe2+ 30. Kh1 Qxb2 31. Bxc7+ Kxc7 32. Qf4+ Kc8
33. Rad1 Qc3 34. Qg4+ Kc7 35. Qxe2 1-0

[Event "Online Olym Top DivC 2020"]
[Site "chess.com INT"]
[Date "2020.08.23"]
[Round "9.3"]
[Board "4"]
[White "Toma, Katarzyna"]
[Black "Salimova, Nurgyul"]
[Result "0-1"]
[WhiteTitle "WGM"]
[BlackTitle "IM"]
[WhiteElo "2289"]
[BlackElo "2372"]
[WhiteTeam "England"]
[BlackTeam "Bulgaria"]
[WhiteFideId "1119907"]
[BlackFideId "2915138"]
[EventDate "2020.08.21"]
[EventType "team"]

1. e4 c6 2. d4 d5 3. exd5 cxd5 4. Bd3 Nf6 5. c3 Bg4 6. Ne2 Nc6 7. O-O e6 8. Qe1
Bxe2 9. Qxe2 Bd6 10. Nd2 Qc7 11. Nf3 h6 12. Re1 Nd7 13. g3 O-O-O 14. b4 Rde8 15.
Bd2 h5 16. h4 f6 17. Kg2 e5 18. Bg6 Re7 19. Qb5 e4 20. Ng1 Nb6 21. Qe2 Nc4 22.
Nh3 e3 23. Bxe3 Nxe3+ 24. fxe3 Bxg3 25. Rf1 Kb8 26. Qf3 Bd6 27. Rae1 Rd7 28. Bf5
Rdd8 29. Nf4 Bxf4 30. exf4 Ne7 31. Be6 Qd6 32. Bh3 Rhe8 33. Re6 Qc7 34. f5 Nc8
35. Rfe1 Rxe6 36. fxe6 Ne7 37. Re3 a6 38. Qxh5 Qf4 39. Qf3 Qxh4 40. Qg3+ Qxg3+
41. Kxg3 Kc7 42. Kf4 Kd6 43. Bf5 Rh8 44. Rg3 g5+ 45. Kg4 Rh4+ 46. Kf3 Nxf5 47.
Rg1 Kxe6 48. Re1+ Kd7 49. a4 Rf4+ 50. Kg2 Nd6 0-1